[Event "BCF-chT3W 2223 (4NCL)"]
[Site "England"]
[Date "2023.05.01"]
[Round "11.34"]
[White "Potter, Steven"]
[Black "Bullen, Alex"]
[Result "0-1"]
[WhiteElo "1901"]
[BlackElo "2157"]
[PlyCount "64"]
[EventDate "2022.10.22"]
[EventType "team-tourn"]
[EventRounds "11"]
[EventCountry "ENG"]
[SourceTitle "EXT 2024"]
[Source "ChessBase"]
[SourceDate "2023.10.10"]
[SourceVersion "1"]
[SourceVersionDate "2023.10.10"]
[SourceQuality "1"]
[WhiteTeam "Manchester Manticores"]
[BlackTeam "West is Best II"]
[WhiteTeamCountry "ENG"]
[BlackTeamCountry "WLS"]

1. d4 d5 2. Bg5 h6 3. Bh4 c5 4. dxc5 g5 5. Bg3 Bg7 6. c3 Nf6 7. e3 Nbd7 8. Bb5 0-0 9. h4 g4 10. Ne2 Nxc5 11. Ba4 Nxa4 12. Qxa4 Ne4 13. Bh2 Bf5 14. Ng3 Nc5 15. Qa3 Nd3+ 16. Kf1 Qd7 17. Nd2 Rfc8 18. Rd1 Bh7 19. Nb3 e6 20. Nc1 Ne5 21. Nh5 Qb5+ 22. Kg1 Nc4 23. Qe7 Qxb2 24. Bf4 Qc2 25. Nxg7 g3 26. Rf1 Nd2 27. fxg3 Nxf1 28. Kxf1 Qxc1+ 29. Kf2 Qd2+ 30. Kg1 Be4 31. Kf1 Bxg2+ 32. Kg1 Bf3 0-1

[Event "BCF-chT3W 2223 (4NCL)"]
[Site "England"]
[Date "2023.04.29"]
[Round "9.24"]
[White "Potter, Steven"]
[Black "Mason, Donald"]
[Result "0-1"]
[WhiteElo "1901"]
[BlackElo "2149"]
[PlyCount "60"]
[EventDate "2022.10.22"]
[EventType "team-tourn"]
[EventRounds "11"]
[EventCountry "ENG"]
[SourceTitle "EXT 2024"]
[Source "ChessBase"]
[SourceDate "2023.10.10"]
[SourceVersion "1"]
[SourceVersionDate "2023.10.10"]
[SourceQuality "1"]
[WhiteTeam "Manchester Manticores"]
[BlackTeam "Warwicks Select"]
[WhiteTeamCountry "ENG"]
[BlackTeamCountry "ENG"]

1. d4 Nf6 2. Bg5 g6 3. Bxf6 exf6 4. h4 h5 5. e3 d6 6. Nf3 f5 7. Nbd2 Nd7 8. Bd3 Nf6 9. c3 Qe7 10. Qb3 c6 11. Ng5 Bh6 12. Ndf3 Ne4 13. Nh3 0-0 14. Qc2 Bd7 15. 0-0-0 a5 16. Kb1 a4 17. Nd2 d5 18. Nxe4 fxe4 19. Be2 a3 20. b3 Rac8 21. Rdg1 f5 22. c4 c5 23. Qd1 cxd4 24. Qxd4 Bg7 25. Qxd5+ Be6 26. Qd2 Rfd8 27. Qc1 Qf6 28. Rd1 Qa1+ 29. Kc2 Qxa2+ 30. Qb2 Qxb2# 0-1

[Event "BCF-chT3N 1920 (4NCL)"]
[Site "England"]
[Date "2020.01.12"]
[Round "4.11"]
[White "Potter, Steven"]
[Black "Taylor, John Paul"]
[Result "1/2-1/2"]
[WhiteElo "1825"]
[BlackElo "1862"]
[PlyCount "67"]
[EventDate "2019.11.09"]
[EventType "team-swiss"]
[EventRounds "11"]
[EventCountry "ENG"]
[SourceTitle "EXT 2022"]
[Source "ChessBase"]
[SourceDate "2021.10.06"]
[SourceVersion "1"]
[SourceVersionDate "2021.10.06"]
[SourceQuality "1"]
[WhiteTeam "Manchester Manticores IV"]
[BlackTeam "J'Adoube II"]
[WhiteTeamCountry "ENG"]
[BlackTeamCountry "ENG"]

1. d4 Nf6 2. Bg5 d5 3. Bxf6 gxf6 4. e3 c5 5. dxc5 Qa5+ 6. Nc3 e6 7. Bd3 Bd7 8. Nge2 Qxc5 9. Nd4 f5 10. 0-0 Bg7 11. Ncb5 a6 12. Nb3 Qb6 13. N5d4 Nc6 14. c3 Ne5 15. Bc2 0-0-0 16. Nd2 h5 17. b3 Bc6 18. Rb1 Qc7 19. N2f3 h4 20. b4 Rdg8 21. a4 Nxf3+ 22. Qxf3 Be5 23. b5 Bxh2+ 24. Kh1 h3 25. g3 Bxg3 26. fxg3 Rxg3 27. Qf4 axb5 28. Qxc7+ Kxc7 29. axb5 Bd7 30. Rf3 Rg2 31. Rc1 Kd6 32. Bd3 Rd2 33. Bf1 h2 34. Rc2 1/2-1/2

[Event "Harrogate 4NCL op-B 21st"]
[Site "Harrogate"]
[Date "2019.01.20"]
[Round "4"]
[White "Fisher, Neal"]
[Black "Potter, Steven"]
[Result "1-0"]
[WhiteElo "1453"]
[BlackElo "1724"]
[PlyCount "129"]
[EventDate "2019.01.18"]
[EventType "swiss"]
[EventRounds "5"]
[EventCountry "ENG"]
[SourceTitle "CBM 188 Extra"]
[Source "ChessBase"]
[SourceDate "2019.02.26"]
[SourceVersion "1"]
[SourceVersionDate "2019.02.26"]
[SourceQuality "1"]

1. d4 e6 2. Bf4 b6 3. Nf3 Bb7 4. Nbd2 f5 5. c3 Nf6 6. e3 Be7 7. Ne5 0-0 8. h3 d6 9. Nef3 Ne4 10. Nxe4 fxe4 11. Nd2 Nd7 12. Bc4 d5 13. Bb5 c6 14. Be2 Bf6 15. Bg4 Qe7 16. Bg3 Kh8 17. 0-0 b5 18. Qc2 Bg5 19. b3 Nf6 20. Be2 a6 21. c4 Rac8 22. c5 Ne8 23. b4 Bh4 24. Be5 Bf6 25. Bh2 e5 26. Nb3 exd4 27. Nxd4 Bxd4 28. exd4 Qf6 29. Be5 Qh6 30. Bg4 Ra8 31. Qe2 Nf6 32. a4 Bc8 33. Bxc8 Rfxc8 34. a5 Qg6 35. Ra3 Qh5 36. Qe3 h6 37. Qg3 Qg5 38. Qxg5 hxg5 39. Rg3 Nh7 40. h4 Ra7 41. hxg5 Nf8 42. g6 Re7 43. f4 exf3 44. Rfxf3 Re6 45. Rf7 Nxg6 46. Rh3+ Kg8 47. Rxg7+ Kf8 48. Rf3+ Ke8 49. Bd6 Ne7 50. Rh3 Kd7 51. Rhh7 Re8 52. Bxe7 R8xe7 53. Rxe7+ Rxe7 54. Rxe7+ Kxe7 55. Kf2 Kf6 56. Kf3 Kg5 57. g4 Kg6 58. Kf4 Kf6 59. g5+ Kg6 60. Kg4 Kg7 61. Kf5 Kf7 62. g6+ Kg7 63. Kg5 Kg8 64. Kf6 Kf8 65. Ke6 1-0

[Event "Harrogate 4NCL op-B 21st"]
[Site "Harrogate"]
[Date "2019.01.18"]
[Round "1"]
[White "Potter, Steven"]
[Black "Ward, William2222"]
[Result "1/2-1/2"]
[WhiteElo "1724"]
[BlackElo "1894"]
[PlyCount "33"]
[EventDate "2019.01.18"]
[EventType "swiss"]
[EventRounds "5"]
[EventCountry "ENG"]
[SourceTitle "CBM 188 Extra"]
[Source "ChessBase"]
[SourceDate "2019.02.26"]
[SourceVersion "1"]
[SourceVersionDate "2019.02.26"]
[SourceQuality "1"]

1. d4 f5 2. Bg5 g6 3. e3 Bg7 4. Nd2 d5 5. Ngf3 Nd7 6. c3 Ngf6 7. Bd3 Ne4 8. Bf4 Ndf6 9. Ne5 Nxd2 10. Qxd2 Nh5 11. Bb5+ c6 12. Ba4 0-0 13. 0-0 Nxf4 14. exf4 Bxe5 15. dxe5 e6 16. Rad1 b5 17. Bc2 1/2-1/2

[Event "BCF-chT3N 1819 (4NCL)"]
[Site "England"]
[Date "2018.11.11"]
[Round "2.66"]
[White "Potter, Steven"]
[Black "Woodard, Brian Robert"]
[Result "0-1"]
[WhiteElo "1877"]
[BlackElo "1658"]
[PlyCount "128"]
[EventDate "2018.11.10"]
[EventType "team-swiss"]
[EventRounds "11"]
[EventCountry "ENG"]
[SourceTitle "EXT 2021"]
[Source "ChessBase"]
[SourceDate "2020.10.23"]
[SourceVersion "1"]
[SourceVersionDate "2020.10.23"]
[SourceQuality "1"]
[WhiteTeam "Manchester Manticores III"]
[BlackTeam "Manx Liberty II"]
[WhiteTeamCountry "ENG"]
[BlackTeamCountry "ENG"]

1. d4 d5 2. Bg5 c6 3. e3 Bf5 4. Nf3 Nd7 5. Nbd2 h6 6. Bh4 Ngf6 7. c4 e6 8. a3 Be7 9. cxd5 cxd5 10. Be2 Rc8 11. Qa4 a6 12. Bxf6 Bxf6 13. Ne5 Bxe5 14. dxe5 0-0 15. Qd4 Qb6 16. Qxb6 Nxb6 17. b4 Rc7 18. g4 Bg6 19. Nf3 Rfc8 20. 0-0 Nd7 21. Nd4 Nxe5 22. f4 Nc6 23. Nxc6 Rxc6 24. f5 exf5 25. gxf5 Bh7 26. Bf3 Rd6 27. Rad1 Rcd8 28. e4 dxe4 29. Rxd6 Rxd6 30. Bxe4 b6 31. Rc1 g6 32. Rc8+ Kg7 33. fxg6 Bxg6 34. Bxg6 Rxg6+ 35. Kf2 Re6 36. Kf3 Kg6 37. Ra8 b5 38. Rg8+ Kf5 39. Rc8 Ke5 40. Ke3 f5 41. Rc5+ Kf6+ 42. Kf4 Re4+ 43. Kf3 Rc4 44. Rxc4 bxc4 45. Ke3 Ke5 46. a4 f4+ 47. Ke2 Kd5 48. Kd2 Kd4 49. a5 c3+ 50. Kc2 Kc4 51. b5 Kxb5 52. Kxc3 Kxa5 53. Kd3 Kb4 54. Ke4 a5 55. Kxf4 a4 56. Kg4 a3 57. Kh5 a2 58. h4 a1Q 59. Kxh6 Qh8+ 60. Kg5 Qh7 61. h5 Kc4 62. h6 Kd4 63. Kh5 Qf5+ 64. Kh4 Qg6 0-1

[Event "Telford 4NCL U2050 op"]
[Site "Telford"]
[Date "2018.11.02"]
[Round "4"]
[White "Potter, Steven"]
[Black "Truman, Richard G"]
[Result "0-1"]
[WhiteElo "1771"]
[BlackElo "1902"]
[PlyCount "106"]
[EventDate "2018.10.31"]
[EventType "swiss"]
[EventRounds "9"]
[EventCountry "ENG"]
[SourceTitle "CBM 187 Extra"]
[Source "ChessBase"]
[SourceDate "2018.11.04"]
[SourceVersion "1"]
[SourceVersionDate "2018.11.04"]
[SourceQuality "1"]

1. d4 Nf6 2. Bg5 Ne4 3. h4 c5 4. d5 Qb6 5. Qc1 h6 6. Be3 e6 7. dxe6 dxe6 8. Nd2 Nxd2 9. Bxd2 Nc6 10. Nf3 Bd6 11. e4 e5 12. c3 Be6 13. Be2 c4 14. Qc2 Qa5 15. 0-0 Qc7 16. Qa4 Qa5 17. Qd1 0-0 18. Qc1 Qc7 19. Nh2 Ne7 20. h5 f5 21. Bf3 Qd7 22. Qc2 f4 23. Rad1 Rad8 24. Bc1 Kh8 25. Qe2 Ng8 26. Rd2 Nf6 27. Rfd1 Qe7 28. g4 Bc5 29. Kf1 Nh7 30. Rxd8 Rxd8 31. Ke1 Rxd1+ 32. Kxd1 Qh4 33. Nf1 Qxf2 34. Qxf2 Bxf2 35. Ke2 Bc5 36. Nd2 Nf6 37. Kd1 b5 38. Kc2 Bxg4 39. Bxg4 Nxg4 40. Nf3 Bd6 41. b3 cxb3+ 42. axb3 Kg8 43. c4 bxc4 44. bxc4 Kf7 45. Bb2 Ke6 46. Kb3 Nf6 47. Ka4 Nxe4 48. Kb5 Ng5 49. Nd2 e4 50. c5 Bxc5 51. Kxc5 e3 52. Nc4 e2 53. Bc3 Ne4+ 0-1

[Event "Telford 4NCL U2050 op"]
[Site "Telford"]
[Date "2018.10.31"]
[Round "1"]
[White "Potter, Steven"]
[Black "Gostelow, David W"]
[Result "0-1"]
[WhiteElo "1771"]
[BlackElo "1892"]
[PlyCount "68"]
[EventDate "2018.10.31"]
[EventType "swiss"]
[EventRounds "9"]
[EventCountry "ENG"]
[SourceTitle "CBM 187 Extra"]
[Source "ChessBase"]
[SourceDate "2018.11.04"]
[SourceVersion "1"]
[SourceVersionDate "2018.11.04"]
[SourceQuality "1"]

1. d4 d5 2. Bg5 h6 3. Bh4 Nd7 4. Nf3 Ngf6 5. e3 e6 6. a3 Bd6 7. Nbd2 0-0 8. c4 b6 9. cxd5 exd5 10. Bb5 c5 11. 0-0 Qc7 12. Rc1 Bb7 13. Bg3 Bxg3 14. hxg3 a6 15. Bxd7 Nxd7 16. Nh4 Nf6 17. Qc2 Rac8 18. Qf5 Qe7 19. dxc5 bxc5 20. Nhf3 Rfe8 21. g4 Rc6 22. g5 Ne4 23. Qxd5 Rd6 24. Qf5 Nxd2 25. Nxd2 Rxd2 26. gxh6 Rd5 27. h7+ Kh8 28. Qh3 Rg5 29. g3 Rg6 30. Rc4 Be4 31. f3 Bd3 32. Rc3 Qxe3+ 33. Rf2 Qe1+ 34. Kg2 Rh6 0-1

[Event "Telford 4NCL op-B 19th"]
[Site "Telford"]
[Date "2018.07.15"]
[Round "5"]
[White "Davies, Sam"]
[Black "Potter, Steven"]
[Result "0-1"]
[WhiteElo "1722"]
[BlackElo "1799"]
[PlyCount "248"]
[EventDate "2018.07.13"]
[EventType "swiss"]
[EventRounds "5"]
[EventCountry "ENG"]
[SourceTitle "EXT 2019"]
[Source "ChessBase"]
[SourceDate "2018.10.10"]
[SourceVersion "1"]
[SourceVersionDate "2018.10.10"]
[SourceQuality "1"]

1. e4 b6 2. d4 e6 3. Nf3 Bb7 4. Nbd2 c5 5. c3 Nf6 6. Bd3 Nc6 7. a3 Na5 8. 0-0 c4 9. Bb1 Be7 10. Re1 Qc7 11. Bc2 b5 12. Bb1 a6 13. Qe2 Rc8 14. Bc2 Nh5 15. Ne5 Nf6 16. Nef3 Nh5 17. g3 Nf6 18. Nf1 d6 19. h3 e5 20. Nh4 0-0 21. d5 Nd7 22. Nf5 Nc5 23. Qg4 g6 24. Bh6 Kh8 25. Bg7+ Kg8 26. Bxf8 Bxf8 27. N1e3 Kh8 28. Nh4 Re8 29. Rf1 Nd3 30. Bxd3 Bc8 31. Qd1 cxd3 32. Qxd3 Bxh3 33. Nhg2 Nb3 34. Rad1 Bh6 35. Rfe1 Nc5 36. Qc2 Rf8 37. c4 Qe7 38. b4 Na4 39. Rc1 f5 40. exf5 gxf5 41. cxb5 f4 42. Qc7 Qf6 43. gxf4 exf4 44. Ng4 Bxg4 45. Qe7 Qg6 46. Nh4 Qg8 47. Qxd6 Be2+ 48. Ng6+ Qxg6+ 49. Qxg6 hxg6 50. Rxe2 f3 51. Rec2 Bxc1 52. Rxc1 axb5 53. Rc6 Rd8 54. d6 Kg8 55. Kh2 Nb2 56. Rb6 Nc4 57. Rxb5 Nxa3 58. Rd5 Nc4 59. d7 Nb6 60. Rd6 Nxd7 61. Rxg6+ Kf7 62. Rd6 Ke7 63. Rd5 Rb8 64. Kg3 Ke6 65. Ra5 Rxb4 66. Kxf3 Ne5+ 67. Kg2 Kf5 68. Ra8 Rg4+ 69. Kf1 Rb4 70. Rf8+ Ke4 71. Re8 Rb5 72. Kg2 Kf4 73. Rg8 Ke4 74. Re8 Rb7 75. Rf8 Rg7+ 76. Kf1 Ng6 77. Re8+ Kf3 78. Re3+ Kf4 79. Ra3 Rc7 80. Ra4+ Kf3 81. Ra3+ Ke4 82. Ra4+ Kd3 83. Ra3+ Kc4 84. Ra4+ Kb3 85. Rg4 Ne5 86. Rg3+ Kc4 87. Kg2 Nd3 88. Rg4+ Kc3 89. Rg3 Rf7 90. Rf3 Re7 91. Re3 Rd7 92. Rg3 Kd2 93. Rg8 Rf7 94. Ra8 Rxf2+ 95. Kg3 Rf7 96. Kg4 Nf2+ 97. Kg3 Ke3 98. Ra3+ Nd3 99. Kg4 Ke4 100. Ra4+ Kd5 101. Ra5+ Nc5 102. Kg5 Kd4 103. Kg6 Rf8 104. Kg7 Ne6+ 105. Kg6 Ke4 106. Ra4+ Ke5 107. Ra5+ Kf4 108. Ra4+ Kg3 109. Ra3+ Kg4 110. Ra4+ Nf4+ 111. Kg7 Rf5 112. Rb4 Kg5 113. Rb1 Ne6+ 114. Kg8 Kg6 115. Rg1+ Ng5 116. Rg2 Kf6 117. Ra2 Ne6 118. Ra6 Rg5+ 119. Kh8 Rd5 120. Rb6 Kf7 121. Rb7+ Kg6 122. Rb8 Nd8 123. Rb1 Nf7+ 124. Kg8 Rd8# 0-1

[Event "Telford 4NCL op-B 19th"]
[Site "Telford"]
[Date "2018.07.14"]
[Round "2"]
[White "Cawston, M John"]
[Black "Potter, Steven"]
[Result "1-0"]
[WhiteElo "1866"]
[BlackElo "1799"]
[PlyCount "149"]
[EventDate "2018.07.13"]
[EventType "swiss"]
[EventRounds "5"]
[EventCountry "ENG"]
[SourceTitle "EXT 2019"]
[Source "ChessBase"]
[SourceDate "2018.10.10"]
[SourceVersion "1"]
[SourceVersionDate "2018.10.10"]
[SourceQuality "1"]

1. e4 b6 2. d4 Bb7 3. Nc3 e6 4. Bd3 Bb4 5. Bd2 Nf6 6. Qe2 Bxc3 7. Bxc3 d5 8. e5 Ne4 9. Bb4 c5 10. Bb5+ Nd7 11. Ba3 cxd4 12. Nf3 a6 13. Bd3 Nec5 14. 0-0 Nxd3 15. cxd3 Nc5 16. Rac1 0-0 17. Bxc5 bxc5 18. Rxc5 Qb6 19. Rfc1 Rac8 20. Rxc8 Rxc8 21. Rxc8+ Bxc8 22. Qc2 Bd7 23. Kf1 h6 24. Ke2 f6 25. Kd1 Qb8 26. Qe2 fxe5 27. Nxe5 Ba4+ 28. Kc1 Qf8 29. Kb1 Bb5 30. g3 Qf5 31. f4 Be8 32. Qg4 Qf6 33. h4 Qe7 34. Qe2 Bb5 35. Qc2 Qe8 36. b3 Qb8 37. Qc5 a5 38. Kb2 a4 39. b4 Qe8 40. Qd6 a3+ 41. Kxa3 Qa8+ 42. Kb2 Qa4 43. Qxe6+ Kh7 44. Qg6+ Kg8 45. Qf7+ Kh7 46. Qf5+ Kg8 47. Qc8+ Kh7 48. Qc5 Be8 49. a3 Qd1 50. Qc2 Qe1 51. g4 g5 52. hxg5 hxg5 53. Nf3 Qf1 54. Nxg5+ Kg8 55. Ne6 Kf7 56. f5 Bd7 57. Nc5 Be8 58. a4 Qe1 59. Kb3 Qa1 60. b5 Qe1 61. Na6 Kf6 62. Nb4 Bd7 63. Qb2 Qd1+ 64. Ka3 Qxg4 65. Nc2 Qxf5 66. Qxd4+ Kg6 67. Nb4 Be6 68. b6 Qg5 69. Qc3 Qg1 70. d4 Qh2 71. Qc2+ Qxc2 72. Nxc2 Bc8 73. Kb4 Kf6 74. Kc5 Bb7 75. Kd6 1-0

[Event "BCF-chT3N 1718 (4NCL)"]
[Site "England"]
[Date "2018.05.07"]
[Round "11.73"]
[White "Denisov, Denis1111"]
[Black "Potter, Steven"]
[Result "0-1"]
[WhiteElo "1504"]
[BlackElo "1842"]
[PlyCount "70"]
[EventDate "2017.11.11"]
[EventType "team-swiss"]
[EventRounds "11"]
[EventCountry "ENG"]
[SourceTitle "EXT 2020"]
[Source "ChessBase"]
[SourceDate "2019.10.17"]
[SourceVersion "1"]
[SourceVersionDate "2019.10.17"]
[SourceQuality "1"]
[WhiteTeam "3CS Oldham III"]
[BlackTeam "Manchester Manticores III"]
[WhiteTeamCountry "ENG"]
[BlackTeamCountry "ENG"]

1. e4 b6 2. d4 e6 3. c4 Bb7 4. Nc3 Bb4 5. Bd3 f5 6. Qe2 Nf6 7. f3 fxe4 8. fxe4 Nxe4 9. Qh5+ g6 10. Qe5 Qf6 11. Qxf6 Nxf6 12. Nf3 Bxf3 13. gxf3 Nc6 14. Be3 e5 15. d5 Nd4 16. 0-0 Nf5 17. Bg5 0-0 18. Nb5 c6 19. dxc6 dxc6 20. Nc7 Rac8 21. Na6 Be7 22. Rae1 Bd6 23. f4 e4 24. Bxe4 Nxe4 25. Rxe4 h6 26. Re6 Kg7 27. Rxd6 Nxd6 28. Be7 Nxc4 29. Bxf8+ Kxf8 30. b3 Ne3 31. Re1 Nd5 32. Rf1 Kf7 33. Rf2 Re8 34. Kg2 Kf6 35. Rc2 Ne3+ 0-1

[Event "Doncaster 4NCL op-B 18th"]
[Site "Doncaster"]
[Date "2018.04.14"]
[Round "2.17"]
[White "Ross, Stuart"]
[Black "Potter, Steven"]
[Result "0-1"]
[WhiteElo "1605"]
[BlackElo "1809"]
[PlyCount "144"]
[EventDate "2018.04.13"]
[EventType "swiss"]
[EventRounds "5"]
[EventCountry "ENG"]
[SourceTitle "EXT 2023"]
[Source "ChessBase"]
[SourceDate "2022.10.05"]
[SourceVersion "1"]
[SourceVersionDate "2022.10.05"]
[SourceQuality "1"]

1. e4 b6 2. d4 Bb7 3. Bd3 e6 4. Nf3 c5 5. c3 Nf6 6. Qe2 Be7 7. 0-0 Nc6 8. a3 Na5 9. Nbd2 c4 10. Bc2 Qc7 11. Ne5 b5 12. Ng4 Nxg4 13. Qxg4 0-0 14. Re1 e5 15. dxe5 Qxe5 16. Nf3 Qe6 17. Qxe6 dxe6 18. Nd4 a6 19. e5 Nc6 20. Be4 Nxd4 21. Bxb7 Rab8 22. Be4 Nb3 23. Rb1 Rfd8 24. Be3 Bc5 25. Bxc5 Nxc5 26. Kf1 Rd2 27. Bf3 Nd3 28. Re2 Rxe2 29. Kxe2 Nxe5 30. Rd1 Nxf3 31. Kxf3 Kf8 32. Rd6 a5 33. Ra6 a4 34. Ra7 Rd8 35. Ke2 g6 36. h4 h5 37. g3 Ke8 38. Rb7 Rd5 39. Ke1 Kf8 40. Ke2 Kg7 41. Ke1 Kf6 42. Ke2 g5 43. hxg5+ Rxg5 44. Ke1 Rd5 45. Ke2 Kg6 46. Ke3 f6 47. Rb6 Kf5 48. Ke2 e5 49. Ra6 Kg5 50. Rb6 f5 51. Rb8 f4 52. Rg8+ Kf6 53. gxf4 exf4 54. Rf8+ Ke5 55. Re8+ Kd6 56. Rf8 h4 57. Rxf4 Rh5 58. Rd4+ Ke6 59. Rd1 h3 60. Rh1 Ke5 61. Kf3 Rh8 62. Rh2 Kf5 63. Kg3 Ke4 64. f3+ Ke3 65. Rc2 h2 66. Rxh2 Rxh2 67. Kxh2 Kxf3 68. Kg1 Ke2 69. Kg2 Kd2 70. Kf2 Kc2 71. Ke2 Kxb2 72. Kd2 Kb3 0-1

[Event "BCF-chT3N 1718 (4NCL)"]
[Site "England"]
[Date "2018.03.17"]
[Round "7.101"]
[White "Bramson, Mike"]
[Black "Potter, Steven"]
[Result "1/2-1/2"]
[WhiteElo "1826"]
[BlackElo "1842"]
[PlyCount "137"]
[EventDate "2017.11.11"]
[EventType "team-swiss"]
[EventRounds "11"]
[EventCountry "ENG"]
[SourceTitle "EXT 2020"]
[Source "ChessBase"]
[SourceDate "2019.10.17"]
[SourceVersion "1"]
[SourceVersionDate "2019.10.17"]
[SourceQuality "1"]
[WhiteTeam "Bradford DCA Knights III"]
[BlackTeam "Manchester Manticores IV"]
[WhiteTeamCountry "ENG"]
[BlackTeamCountry "ENG"]

1. e4 e6 2. d4 b6 3. Bd3 Bb7 4. Nf3 c5 5. d5 exd5 6. exd5 Bxd5 7. Nc3 Be6 8. Bf4 Nf6 9. Qe2 Be7 10. Ng5 0-0 11. Nce4 Nxe4 12. Nxe6 fxe6 13. Qxe4 Rxf4 14. Qxf4 Nc6 15. h4 d5 16. 0-0-0 Bf6 17. Qg4 Qd6 18. Rhe1 Ne5 19. Qh5 g6 20. Qe2 c4 21. Bxc4 Rc8 22. Bb3 a5 23. f4 Nc4 24. Qxe6+ Qxe6 25. Rxe6 Bxb2+ 26. Kb1 Kf7 27. Bxc4 dxc4 28. Rxb6 c3 29. Rd7+ Kg8 30. Rxb2 cxb2 31. Kxb2 Rc4 32. g3 h6 33. Kb3 Rb4+ 34. Ka3 Rc4 35. Kb2 g5 36. hxg5 hxg5 37. fxg5 Rg4 38. Rd5 a4 39. c3 Rxg3 40. Ra5 Kf7 41. Rxa4 Rxg5 42. Re4 Rb5+ 43. Kc2 Kf6 44. a4 Rb8 45. Kd3 Rd8+ 46. Kc4 Kf5 47. Re1 Rc8+ 48. Kb3 Rb8+ 49. Ka3 Rc8 50. Re3 Kf4 51. Rh3 Ke5 52. a5 Kd5 53. Kb4 Rb8+ 54. Ka4 Kc5 55. Rh5+ Kc6 56. a6 Rb1 57. c4 Ra1+ 58. Kb4 Rb1+ 59. Kc3 Ra1 60. Rh6+ Kc5 61. Kb2 Ra4 62. Kb3 Ra1 63. Rh2 Rxa6 64. Rh5+ Kc6 65. Rh6+ Kb7 66. Rxa6 Kxa6 67. Kb4 Kb6 68. c5+ Kc6 69. Kc4 1/2-1/2

[Event "Harrogate 4NCL op-B 17th"]
[Site "Harrogate"]
[Date "2018.01.20"]
[Round "2"]
[White "Frith, Shane S"]
[Black "Potter, Steven"]
[Result "0-1"]
[WhiteElo "1629"]
[BlackElo "1812"]
[PlyCount "58"]
[EventDate "2018.01.19"]
[EventType "swiss"]
[EventRounds "5"]
[EventCountry "ENG"]
[SourceTitle "CBM 182 Extra"]
[Source "ChessBase"]
[SourceDate "2018.02.23"]
[SourceVersion "1"]
[SourceVersionDate "2018.02.23"]
[SourceQuality "1"]

1. e4 e6 2. Nf3 b6 3. d4 Bb7 4. Nc3 Bb4 5. Bd3 Nf6 6. Qe2 d5 7. exd5 Qxd5 8. 0-0 Bxc3 9. bxc3 Qh5 10. c4 0-0 11. Bf4 c5 12. c3 Nbd7 13. Rfe1 Rfe8 14. Ne5 Qxe2 15. Rxe2 Nxe5 16. Rxe5 cxd4 17. cxd4 Rad8 18. Rd1 Kh8 19. Bc2 Rc8 20. Bb3 h6 21. Ree1 Red8 22. d5 exd5 23. Re7 dxc4 24. Rxd8+ Rxd8 25. Ba4 Bc6 26. Bc7 Rd2 27. Bf4 Rxa2 28. Bd1 Ra1 29. Re1 Ba4 0-1

[Event "BCF-chT3N 1718 (4NCL)"]
[Site "England"]
[Date "2017.11.12"]
[Round "2.65"]
[White "Koselova, Zuzana"]
[Black "Potter, Steven"]
[Result "1-0"]
[WhiteElo "1822"]
[BlackElo "1842"]
[PlyCount "143"]
[EventDate "2017.11.11"]
[EventType "team-swiss"]
[EventRounds "11"]
[EventCountry "ENG"]
[SourceTitle "EXT 2020"]
[Source "ChessBase"]
[SourceDate "2019.10.17"]
[SourceVersion "1"]
[SourceVersionDate "2019.10.17"]
[SourceQuality "1"]
[WhiteTeam "Castleford Roses"]
[BlackTeam "Manchester Manticores III"]
[WhiteTeamCountry "ENG"]
[BlackTeamCountry "ENG"]

1. e4 e6 2. d4 b6 3. Be3 Bb7 4. Nd2 Nf6 5. Bd3 Nc6 6. h3 Nb4 7. f4 Nxd3+ 8. cxd3 Be7 9. Ngf3 d6 10. Rc1 c5 11. 0-0 h6 12. Qe1 Rc8 13. Qg3 Bf8 14. f5 Nh5 15. Qg4 Nf6 16. Qh4 Nh7 17. Qg3 exf5 18. exf5 Qf6 19. Rce1 Be7 20. Bf4 0-0 21. Ne4 Bxe4 22. Rxe4 Rfd8 23. Bxh6 Qxh6 24. Rxe7 cxd4 25. Nxd4 Rc1 26. Rfe1 a5 27. Kh2 Rxe1 28. Rxe1 d5 29. Qc7 Rd6 30. Re8+ Nf8 31. Ne6 Rxe6 32. fxe6 fxe6 33. Rb8 Qf6 34. Rxb6 Nd7 35. Ra6 Ne5 36. Ra8+ Kh7 37. Qc2 Ng4+ 38. Kg1 Qd4+ 39. Kh1 Nf2+ 40. Kh2 Qe5+ 41. g3 Qe1 42. d4+ Ne4 43. Qg2 Qb4 44. Qe2 g6 45. Ra7+ Kh6 46. Qe3+ g5 47. b3 Qa3 48. Qe2 Qb4 49. Ra6 Qe7 50. Qg4 Nd6 51. Rxa5 Qf6 52. Kg2 Nf5 53. Qe2 Nxd4 54. Qf2 Qe5 55. Ra4 Qe4+ 56. Kh2 Nf3+ 57. Kh1 Nd4+ 58. Kg1 Nf3+ 59. Kf1 Qb1+ 60. Kg2 Ne1+ 61. Kh2 Kg6 62. Ra7 Qf5 63. Qxe1 Qc2+ 64. Kh1 Qc6 65. Qb1+ Kf6 66. Qf1+ Ke5 67. Qe2+ Kf6 68. Ra6 Qc1+ 69. Kh2 Qc8 70. b4 Kf5 71. b5 Qc5 72. Qf3+ 1-0

[Event "Coventry 4NCL op-B 16th"]
[Site "Coventry"]
[Date "2017.11.05"]
[Round "5"]
[White "Gogia, Armaan"]
[Black "Potter, Steven"]
[Result "1/2-1/2"]
[WhiteElo "1545"]
[BlackElo "1842"]
[PlyCount "138"]
[EventDate "2017.11.03"]
[EventType "swiss"]
[EventRounds "5"]
[EventCountry "ENG"]
[SourceTitle "CBM 181 Extra"]
[Source "ChessBase"]
[SourceDate "2017.12.12"]
[SourceVersion "1"]
[SourceVersionDate "2017.12.12"]
[SourceQuality "1"]

1. e4 b6 2. d4 Bb7 3. Bd3 e6 4. Nf3 c5 5. c3 Nf6 6. Qe2 Be7 7. Nbd2 cxd4 8. cxd4 Nc6 9. 0-0 Nb4 10. Bb1 Ba6 11. Nc4 Rc8 12. b3 d5 13. a3 Bxc4 14. bxc4 dxe4 15. axb4 exf3 16. Qxf3 Qxd4 17. Rxa7 Bxb4 18. Qb7 0-0 19. Be3 Qxc4 20. Qxb6 Nd5 21. Qd4 Qxd4 22. Bxd4 Rc4 23. Be5 Bc5 24. Ra5 Bb6 25. Rb5 Rc5 26. Rb3 Bc7 27. Rh3 g6 28. Bd4 Rc4 29. Be3 Nf4 30. Bxf4 Bxf4 31. Rd3 Rfc8 32. g3 Bg5 33. Ba2 Rc1 34. Rxc1 Bxc1 35. Kg2 Rc7 36. Bb3 Kg7 37. Rf3 Bb2 38. Ba2 h5 39. h4 e5 40. Bb1 Bd4 41. Rd3 Rb7 42. Bc2 Rb2 43. Rd2 Bc3 44. Re2 f5 45. Bd3 Kf6 46. Rxb2 Bxb2 47. Bb5 Bc1 48. Bc6 f4 49. Kf3 fxg3 50. fxg3 Bd2 51. Bb7 Be1 52. Bc6 Kf5 53. Bd7+ Kf6 54. Bc6 g5 55. hxg5+ Kxg5 56. Ba8 Kf5 57. Bc6 Bd2 58. Ba8 Kg5 59. Bc6 Bc1 60. Ba8 Bf4 61. gxf4+ exf4 62. Kg2 Kg4 63. Bf3+ Kh4 64. Kh2 Kg5 65. Kh3 h4 66. Bg4 Kf6 67. Kxh4 Ke5 68. Kh3 Ke4 69. Kg2 Ke3 1/2-1/2

[Event "Doncaster 4NCL op-B 15th"]
[Site "Doncaster"]
[Date "2017.09.09"]
[Round "2"]
[White "Potter, Steven"]
[Black "Wiratunga, Ishan"]
[Result "0-1"]
[WhiteElo "1874"]
[BlackElo "1619"]
[PlyCount "64"]
[EventDate "2017.09.08"]
[EventType "swiss"]
[EventRounds "5"]
[EventCountry "ENG"]
[SourceTitle "CBM 180 Extra"]
[Source "ChessBase"]
[SourceDate "2017.10.06"]
[SourceVersion "1"]
[SourceVersionDate "2017.10.06"]
[SourceQuality "1"]

1. d4 Nf6 2. Bg5 Ne4 3. Bf4 d5 4. f3 Nf6 5. e4 dxe4 6. Nc3 Bf5 7. Bc4 c6 8. Bxb8 Rxb8 9. g4 Bg6 10. f4 e6 11. h4 h5 12. g5 Nd5 13. Nxd5 exd5 14. Bb3 Bf5 15. Qd2 Bd6 16. Ne2 Qe7 17. Qe3 Qc7 18. Rf1 0-0 19. 0-0-0 a5 20. Ng3 Bg4 21. Rd2 b5 22. a3 a4 23. Ba2 b4 24. g6 fxg6 25. Rdf2 Bf3 26. Rxf3 exf3 27. Qe6+ Kh8 28. Ne4 Bxf4+ 29. Kd1 dxe4 30. Qxg6 Bh6 31. Qxe4 Rbe8 32. Qg6 Qf4 0-1